书目信息 |
| 题名: |
司马法
|
|
| 作者: | 陈曦 , 陈铮铮 译注 | |
| 分册: | ||
| 出版信息: | 北京 中华书局 2017 |
|
| 页数: | 10, 245页 | |
| 开本: | 21cm | |
| 丛书名: | 中华兵法经典 | |
| 单 册: | ||
| 中图分类: | E892.2 | |
| 科图分类: | ||
| 主题词: | 兵法--bing fa--中国--战国时代 | |
| 电子资源: | ||
| ISBN: | 978-7-101-12663-1 | |
| 000 | 01551nam 2200313 450 | |
| 001 | 012017000145 | |
| 005 | 20180111091633.36 | |
| 010 | @a978-7-101-12663-1@b@dCNY18.00 | |
| 100 | @a20170814d2017 em y0chiy0121 ea | |
| 101 | 0 | @achi |
| 102 | @aCN@b110000 | |
| 105 | @aa z 000yy | |
| 106 | @ar | |
| 200 | 1 | @a司马法@Asi ma fa@f陈曦, 陈铮铮译注@g |
| 210 | @a北京@c中华书局@d2017 | |
| 215 | @a10, 245页@c图@d21cm | |
| 225 | 2 | @a中华兵法经典@Azhong hua bing fa jing dian |
| 314 | @a陈曦, 文学博士, 现为解放军艺术学院科研部教授,中国《史记》研究会常务副秘书长。陈铮铮, 现就读于北京师范大学--香港浸会大学联合国际学院。 | |
| 330 | @a《司马法》: “武经七书”之一。春秋时期齐国军事家田穰苴著, 残存五篇。此书体现出从殷周到春秋的作战原则和制度方法, 其阐述的以法治军思想和具体军法内容, 为后世制定军法条例法令提供了依据。据《汉书·艺文志》记载, 当时《司马法》共一百五十五卷。东汉以后, 马融、郑玄、曹操等人的著作中, 都曾以《司马法》为重要文献资料而加以征引, 据以考证西周和春秋时期的军制。晋唐之间, 杜预、贾公彦、杜佑、杜牧等人, 也多以《司马法》为立说的根据。可见《司马法》当时仍具有军事权威著作的声誉。宋元丰中 (公元1078-1085年) 把《司马法》列为《武经七书》之一, 颁行武学, 定为将校必读之书。 | |
| 410 | 0 | @12001 @a中华兵法经典 |
| 605 | @a司马法@Asi ma fa@x译文 | |
| 605 | @a司马法@Asi ma fa@x注释 | |
| 606 | 0 | @a兵法@Abing fa@y中国@z战国时代 |
| 690 | @aE892.2@v5 | |
| 701 | 0 | @a陈曦@Achen xi@4译注 |
| 701 | 0 | @a陈铮铮@Achen zheng zheng@4译注 |
| 801 | 0 | @aCN@b湖北三新@c20171101@g |
| 905 | @aBZT@dE892.2@e13 | |
| 906 | @dCNY18.00@n5@r1 | |
| 司马法/陈曦, 陈铮铮译注.-北京:中华书局,2017 |
| 10, 245页:图;21cm.-(中华兵法经典) |
| ISBN 978-7-101-12663-1:CNY18.00 |
| 《司马法》: “武经七书”之一。春秋时期齐国军事家田穰苴著, 残存五篇。此书体现出从殷周到春秋的作战原则和制度方法, 其阐述的以法治军思想和具体军法内容, 为后世制定军法条例法令提供了依据。据《汉书·艺文志》记载, 当时《司马法》共一百五十五卷。东汉以后, 马融、郑玄、曹操等人的著作中, 都曾以《司马法》为重要文献资料而加以征引, 据以考证西周和春秋时期的军制。晋唐之间, 杜预、贾公彦、杜佑、杜牧等人, 也多以《司马法》为立说的根据。可见《司马法》当时仍具有军事权威著作的声誉。宋元丰中 (公元1078-1085年) 把《司马法》列为《武经七书》之一, 颁行武学, 定为将校必读之书。 |
| ● |
| 相关链接 |
|
|
|
正题名:司马法
索取号:E892.2/13
 
预约/预借
| 序号 | 登录号 | 条形码 | 馆藏地/架位号 | 状态 | 备注 |
| 1 | 843620 | 2000843620 | 第二书库/ [索取号:E892.2/13] | 在馆 | |
| 2 | 843621 | 2000843621 | 思政阅览室/思1架B面3层4列/ [索取号:E892.2/13] | 在馆 | |
| 3 | 843622 | 2000843622 | 第二书库/ [索取号:E892.2/13] | 在馆 | |
| 4 | 843623 | 2000843623 | 第二书库/ [索取号:E892.2/13] | 在馆 | |
| 5 | 843624 | 2000843624 | 第二书库/ [索取号:E892.2/13] | 在馆 |